| 000 | 00517nam a2200181Ia 4500 | ||
|---|---|---|---|
| 005 | 20250508162608.0 | ||
| 008 | 008 250505s9999 xx 000 0 hin d | ||
| 037 | _aTextual | ||
| 040 |
_aFEDL _beng _cFEDL |
||
| 041 |
_ahin _2eng |
||
| 084 |
_a891.430 9, SAS _qFEDL |
||
| 100 |
_aUmesh Shastri _9773546 |
||
| 245 | 0 | _aHindi sahitya ka nibandhatmak itihas | |
| 260 |
_aJaipur, India _bDev Nagar Prakashan _c1983 |
||
| 300 | _a615p | ||
| 942 |
_cTEXL _h891.430 9, SAS |
||
| 999 |
_c1377543 _d1377543 |
||